LEADER 00889nam0-22003011i-450- 001 990003134680403321 035 $a000313468 035 $aFED01000313468 035 $a(Aleph)000313468FED01 035 $a000313468 100 $a20000920d--------km-y0itay50------ba 101 0 $aita 102 $aIT 200 1 $aModern Theories of Investment Decisions$eA Critical Assessment$fF. Marzano, E. Saltari 225 1 $aWorking Papers$fCIDEI - Centro Interdipartimentale per l'economia internazionale, Roma, La Sapienza$v99.57 610 0 $aInvestimenti 676 $aG/3.32 676 $aL/3.1 702 1$aMarzano,$bFerruccio 702 1$aSaltari,$bEnrico 801 0$aIT$bUNINA$gRICA$2UNIMARC 901 $aBK 912 $a990003134680403321 952 $aPaper$fSES 959 $aSES 996 $aModern Theories of Investment Decisions$9456929 997 $aUNINA DB $aING01 LEADER 00916nam0-22003251i-450- 001 990001350120403321 010 $a0-521-49799-X 035 $a000135012 035 $aFED01000135012 035 $a(Aleph)000135012FED01 035 $a000135012 100 $a20000920d1995----km-y0itay50------ba 101 0 $aeng 200 1 $aHarmonic approximation$fStephen J. Gardiner 210 $aCambridge$cCambridge University Press$d1995 215 $axiii, 132 p.$d23 cm 225 1 $aLondon Mathematical Society lecture note series$v221 610 0 $aFunzioni armoniche 610 0 $aApprossimazione armonica 676 $a515.785 700 1$aGardiner,$bStephen J.$060920 801 0$aIT$bUNINA$gRICA$2UNIMARC 901 $aBK 912 $a990001350120403321 952 $aC-9-(221$b14257$fMA1 959 $aMA1 962 $a31B05 996 $aHarmonic approximation$9376181 997 $aUNINA DB $aING01